Online
Catalog

Dando y dando historias educativas / (Record no. 44688)

MARC details
000 -CABECERA
campo de control de longitud fija 00713nam a2200193 a 4500
001 - NÚMERO DE CONTROL
campo de control 000045199
005 - FECHA Y HORA DE LA ÚLTIMA TRANSACCIÓN
campo de control 20201002045947.0
008 - DATOS DE LONGITUD FIJA--INFORMACIÓN GENERAL
campo de control de longitud fija 150210s2007 dr a r 000 0 spa d
040 ## - FUENTE DE LA CATALOGACIÓN
Centro catalogador/agencia de origen DO-SdBNP
Lengua de catalogación spa
Centro/agencia transcriptor BNPHU
082 ## - NÚMERO DE LA CLASIFICACIÓN DECIMAL DEWEY
Número de clasificación xxxx
Número de documento/Ítem A185d
100 1# - ENTRADA PRINCIPAL--NOMBRE DE PERSONA
Nombre de persona Acosta Pérez, Laura
9 (RLIN) 73213
245 10 - MENCIÓN DE TÍTULO
Título Dando y dando historias educativas /
Mención de responsabilidad, etc. Laura Acosta Pérez ; edición Fernando Peña Avila ; ilustraciones Beatriz Lassis Rodríguez.
260 ## - PUBLICACIÓN, DISTRIBUCIÓN, ETC.
Lugar de publicación, distribución, etc. Santo Domingo :
Nombre del editor, distribuidor, etc. DGII,
Fecha de publicación, distribución, etc. 2007.
300 ## - DESCRIPCIÓN FÍSICA
Extensión 16 p. ; :
Otras características físicas il. ;
Dimensiones 28 cm.
590 ## - NOTA LOCAL (RLIN)
Nota local Inventariado, 2018/BT
700 12 - PUNTO DE ACCESO ADICIONAL--NOMBRE DE PERSONA
Nombre de persona Dirección General de Impuestos Internos
9 (RLIN) 73214
700 1# - PUNTO DE ACCESO ADICIONAL--NOMBRE DE PERSONA
Nombre de persona Peña Avila, Fernando,
Término indicativo de función/relación ed.
9 (RLIN) 73215
700 1# - PUNTO DE ACCESO ADICIONAL--NOMBRE DE PERSONA
Nombre de persona Lassis Rodríguez, Beatriz,
Término indicativo de función/relación il.
9 (RLIN) 73216
Holdings
Estado de retiro Estado de pérdida No para préstamo Código de colección Localización permanente Ubicación/localización actual Ubicación en estantería Fecha de adquisición Número de inventario Total de préstamos Signatura topográfica completa Código de barras Fecha visto por última vez Precio válido a partir de Tipo de ítem Koha Número de copia Restricciones de uso
    Excluido de préstamo Patrimonio Dominicano General General Depósito 10.02.2015 LF1   xxxx A185d 45200-20 25.06.2020 25.06.2020 Libro y Folleto Colección Patrimonio Dominicano e. 2  
      Dominicana de Servicio General General Depósito 10.02.2015 LF1   xxxx A185d 45200-30 25.06.2020 25.06.2020 Libro y Folleto Colección Dominicana de Servicio e. 3  
      Dominicana de Servicio General General Depósito 10.02.2015 LF1   xxxx A185d 45200-40 25.06.2020 25.06.2020 Libro y Folleto Colección Dominicana de Servicio e. 4  
      Dominicana de Servicio General General Depósito 20.05.2015 LF1   xxxx A185d 45200-50 25.06.2020 25.06.2020 Libro y Folleto Colección Dominicana de Servicio e. 5  
    Excluido de préstamo Patrimonio Dominicano Patrimonio Dominicano Patrimonio Dominicano Depósito 10.02.2015 LF1   xxxx A185d 45199-10 25.06.2020 25.06.2020 Libro y Folleto Colección Patrimonio Dominicano    
    Excluido de préstamo Patrimonio Dominicano Patrimonio Dominicano Patrimonio Dominicano Depósito 10.02.2015 LF1   xxxx A185d 45200-10 25.06.2020 25.06.2020 Libro y Folleto Colección Patrimonio Dominicano    

Powered by Koha